Spouses by Picture - Statistics

General Stats
  • This quiz has been taken 34 times
  • The average score is 11 of 20
Answer Stats
Picture Answer % Correct
Barack Obama
97%
John Lennon
94%
Donald Trump
88%
Meghan Markle
88%
David Beckham
85%
Beyoncé Knowles
79%
Henry VIII
70%
Will Smith
70%
Ryan Reynolds
67%
Emily Blunt
58%
Nelson Mandela
55%
Jacqueline Kennedy
45%
Queen Victoria
39%
Tom Hanks
33%
Johnny Depp
30%
Madonna
30%
Marie Curie
30%
Eva Perón
27%
Frida Kahlo
24%
Adolf Hitler
9%
No matching quizzes found
Score Distribution
Percent of People with Each Score
Percentile by Number Answered
Your Score History
You have not taken this quiz